00961 a2200241 4500003000500000005001700005010001600022020002300038040000900061082001600070100003100086245004800117250001200165260004100177300004400218505011600262650002500378856008600403856007400489942001200563999001900575952012500594Nust20221014081438.0 a 99068192 a (acid-free paper) cNust00a552.521,SEL1 aSelley, Richard C.,95089510aApplied sedimentology /cRichard C. Selley. a2nd ed. aSan Diego :bAcademic Press,cc2000. ax, 523 p. :bill. (some col.) ;c24 cm. aPart-1: Rock to Sediment (Page-21), Part-2: Sediment Sedimented (Page-89), Part-3: Sediment to Rock (Page-309). 0aSedimentology.92395413Publisher descriptionuhttp://www.loc.gov/catdir/description/els033/99068192.html413Table of contentsuhttp://www.loc.gov/catdir/toc/els033/99068192.html 2ddccBK c178443d178443 00102ddc4070aMCSbMCScGENd2016-12-12o552.521,SELpMCS34447r2016-12-08w2016-12-12yBKzAlmirah No.25, Shelf No.6